| 000 | 00618nam a2200229Ia 4500 | ||
|---|---|---|---|
| 003 | OSt | ||
| 005 | 20220918105339.0 | ||
| 006 | a|||||r|||| 00| 0 | ||
| 007 | ta | ||
| 008 | 220915b |||||||| |||| 00| 0 eng d | ||
| 024 | _a42187 | ||
| 037 | _cReference Collections | ||
| 040 |
_aARTS _cARTS _beng |
||
| 041 |
_2eng _aeng |
||
| 082 | _aO15,1D40k, J6.1(RR) | ||
| 100 |
_aScharpe A _9277 |
||
| 245 | 0 | _aKalidasa lexicon Brugge De Tempel | |
| 260 | _c1956 | ||
| 650 |
_aENGLISH LITERATURE _9278 |
||
| 942 |
_hO15,1D40k, J6.1(RR) _cREF |
||
| 999 |
_c106170 _d106170 |
||